Gdyńscy kaszubi. - Gdynia : Zrzeszenie Kaszubsko-Pomorskie, Oddział w Gdyni. - 2006 [Rezension]
| Titel: | Gdyńscy kaszubi. - Gdynia : Zrzeszenie Kaszubsko-Pomorskie, Oddział w Gdyni. - 2006 [Rezension] |
|---|---|
| Verfasser: | |
| In: |
Rocznik Gdyński, Band 18 (2006), Seite 229-231 alle Artikel anzeigen |
| Veröffentlicht: | 2006 |
| Format: | Aufsatz |
| Sprache: | Polnisch |
X
alg: 39527777 001A $01999:12-11-16 001B $01999:09-08-21 $t17:46:09.000 001D $01999:12-11-16 001U $0utf8 001X $00 002@ $0Aox 003@ $0395277779 007A $0395277779 $aHEB 007T $0Herdkk00018783 010@ $apol 011@ $a2006 021A $aGdyńscy kaszubi. - Gdynia : Zrzeszenie Kaszubsko-Pomorskie, Oddział w Gdyni. - 2006 [Rezension] 028A $aMałkowski $dKazimierz 031A $d18 $h229-231 $j2006 039B $aIn $8--Abvc--. Rocznik Gdyński. - Gdynia, 1978-. - ISSN 0137-4044 $x200600000180000771 $9090559797 039T $8--Aau--. Gdyńscy kaszubi. - Gdynia : Zrzeszenie Kaszubsko-Pomorskie, Oddział w Gdyni, 2006. - 247 S.. - Ill., graph. Darst.. - ISBN 83-921008-7-5 $9182182975 045F $a900.9438 $eDDC23BSB 045F/01 $a900 045F/03 $g438 045F/03 $g4382 045F/03 $g43832 lok: 39527777 78 exp: 39527777 78 1 #EPN 201B/01 $018-11-16 $t14:22:23.000 201U/01 $0utf8 203@/01 $0791616304 208@/01 $a12-11-16 $be 209A/01 $a/ $f000 $x00 220C/01 $aTitelaufnehmer: pbb 244Z/01 $2Trx $#Prusy Wschodnie i Zachodnie $8--Trx--Ost- und Westpreußen $x01 $939113373X 244Z/01 $2Trx $#Poola $#Lenkija $#Polija $#Polen Land $#Poland $#Lengyelország $#Poľsko $#Polsko $8--Trx--Polska$gkraj $x02 $9391345966 244Z/01 $2Trx $#arvustused $#recenzijos $#Reviews $#recenziók $#recenzje $#recenzie $#recenze $8--Trx--Rezensionen $x03 $9391357441 247C/01 $82080>Marburg/Lahn, Herder-Institut, Forschungsbibliothek, Bibliographieportal $9336309341
| LEADER | 00000caa a22000002c 4500 | ||
|---|---|---|---|
| 001 | 395277779 | ||
| 003 | DE-603 | ||
| 005 | 20210809174609.0 | ||
| 007 | tu | ||
| 008 | 161112s2006 xx |||| | u00||u|pol c | ||
| 035 | |a (DE-599)HEB395277779 | ||
| 040 | |a DE-603 |b ger |c DE-603 |d DE-603 | ||
| 041 | |a pol | ||
| 082 | 0 | 4 | |8 1\u |a 900.9438 |q DE-101 |2 23/BSB |
| 085 | |8 1\u |b 900 | ||
| 085 | |8 1\u |z 2 |s 438 | ||
| 085 | |8 1\u |z 2 |s 4382 | ||
| 085 | |8 1\u |z 2 |s 43832 | ||
| 100 | 1 | |a Małkowski, Kazimierz | |
| 245 | 0 | 0 | |a Gdyńscy kaszubi. - Gdynia : Zrzeszenie Kaszubsko-Pomorskie, Oddział w Gdyni. - 2006 [Rezension] |
| 264 | 0 | |c 2006 | |
| 773 | 0 | 8 | |i In |t Rocznik Gdyński |d Gdynia, 1978- |x 0137-4044 |g Band 18 (2006), Seite 229-231 |w (DE-603)090559797 |w (DE-600)2008589-8 |
| 787 | 0 | 8 | |i Rezension von |t Gdyńscy kaszubi |d Gdynia : Zrzeszenie Kaszubsko-Pomorskie, Oddział w Gdyni, 2006 |h 247 S., Ill., graph. Darst. |z 8392100875 |w (DE-603)182182975 |
| 924 | 0 | |9 2080 |a (DE-603)791616304 |b DE-2080 |c HES |d d |g / | |


